[Event "CRO-ch U17"]
[Site "Vukovar"]
[Date "2013.07.23"]
[Round "3"]
[White "Zukanovic, Dino"]
[Black "Radenic, Filip"]
[Result "1/2-1/2"]
[WhiteElo "1653"]
[BlackElo "1612"]
[PlyCount "21"]
[EventDate "2013.07.22"]
[EventType "swiss"]
[EventRounds "9"]
[EventCountry "CRO"]
[SourceTitle "EXT 2014"]
[Source "ChessBase"]
[SourceDate "2013.11.20"]
[SourceVersion "1"]
[SourceVersionDate "2013.11.20"]
[SourceQuality "1"]

1. e4 e5 2. Nf3 Nf6 3. Bc4 Bc5 4. d3 d6 5. Nc3 Nc6 6. 0-0 0-0 7. Bd2 Bd7 8. Re1 Re8 9. a3 h6 10. h3 a6 11. Ne2 1/2-1/2

[Event "CRO-chT2 Center 22nd"]
[Site "Sisak"]
[Date "2013.04.28"]
[Round "5.6"]
[White "Blazeka, Matej"]
[Black "Zukanovic, Dino"]
[Result "1/2-1/2"]
[WhiteElo "2283"]
[BlackElo "1637"]
[PlyCount "47"]
[EventDate "2013.04.14"]
[EventType "team-tourn"]
[EventRounds "11"]
[EventCountry "CRO"]
[SourceTitle "EXT 2016"]
[Source "ChessBase"]
[SourceDate "2015.10.08"]
[SourceVersion "1"]
[SourceVersionDate "2015.10.08"]
[SourceQuality "1"]

1. e4 e6 2. d4 d5 3. Nd2 Nf6 4. Bd3 c5 5. e5 Nfd7 6. c3 Nc6 7. Ne2 Be7 8. 0-0 cxd4 9. cxd4 Nb6 10. f4 Bd7 11. Nf3 Nb4 12. Bb1 Rc8 13. a3 Na6 14. Bd3 0-0 15. g4 f6 16. f5 exf5 17. gxf5 fxe5 18. Nxe5 Nc4 19. Nxd7 Qxd7 20. Nf4 Nc7 21. Qh5 Qe8 22. Qg4 Bf6 23. Ne6 h5 24. Qg2 1/2-1/2

[Event "CRO-chT2 Center 22nd"]
[Site "Sisak"]
[Date "2013.04.14"]
[Round "2.2"]
[White "Zukanovic, Dino"]
[Black "Jelecevic, Ivo"]
[Result "0-1"]
[WhiteElo "1637"]
[BlackElo "2165"]
[PlyCount "46"]
[EventDate "2013.04.14"]
[EventType "team-tourn"]
[EventRounds "11"]
[EventCountry "CRO"]
[SourceTitle "EXT 2016"]
[Source "ChessBase"]
[SourceDate "2015.10.08"]
[SourceVersion "1"]
[SourceVersionDate "2015.10.08"]
[SourceQuality "1"]

1. d4 Nf6 2. c4 d6 3. Nc3 Bf5 4. Nf3 g6 5. Bg5 Bg7 6. e3 c5 7. Bd3 cxd4 8. Nxd4 Bxd3 9. Qxd3 Nc6 10. Nxc6 bxc6 11. c5 d5 12. Qa6 Qc7 13. Bf4 e5 14. Bxe5 Qxe5 15. Qxc6+ Ke7 16. Qb7+ Ke6 17. Qc6+ Kf5 18. Ne2 g5 19. g4+ Kg6 20. f4 Qxe3 21. h4 Rhe8 22. f5+ Kh6 23. Qa6 gxh4 0-1